| 000 | 01388nam a22003857a 4500 | ||
|---|---|---|---|
| 001 | 000103502 | ||
| 003 | CHAP | ||
| 005 | 20220329143648.0 | ||
| 008 | 101126s2009 mx r 00010 spa d | ||
| 010 | _a99965 | ||
| 011 | _a100937 | ||
| 035 | _a111623 | ||
| 040 | _cCHAP | ||
| 090 | _aTesis | ||
| 100 | 1 |
_aGranados Carrizal, Francisco _950346 |
|
| 245 | 1 | 0 |
_aValoración de productos comerciales de malatión contra el gorgojo del maíz almacenado (Sitophilus zeamais Motschulsky) (Coleóptera: Curculionidae) in vitro / _c/por Francisco Granados Carrizal. |
| 260 |
_aCocula, Gro. : _bEl autor, _c2009. |
||
| 300 |
_axi, 59 h. : _bilus. |
||
| 502 | _aTesis (Ing. Agr. Fitotecnista) -- CSAEGRO. Centro de Estudios Profesionales | ||
| 590 |
_aALEPH _b10 _c20130110 _lUCH01 _h1537 |
||
| 590 |
_aBATCH-UPD _b10 _c20130110 _lUCH01 _h1818 |
||
| 590 |
_aBATCH-UPD _b10 _c20130410 _lUCH01 _h1152 |
||
| 590 |
_aBATCH-UPD _b10 _c20130914 _lUCH01 _h1551 |
||
| 590 |
_aCONVERSION _b10 _c20130109 _lUCH01 _h1355 |
||
| 590 |
_aE11695DGD _b10 _c20131003 _lUCH01 _h1427 |
||
| 650 | 1 | 4 |
_aMaíz _xAlmacenamiento _xPlagas. _970854 |
| 650 | 1 | 4 |
_aMalathion. _970056 |
| 650 | 1 | 4 |
_aProductos comerciales. _992053 |
| 650 | 1 | 4 |
_aSitophilus zeamais. _9106790 |
| 901 | _aBK | ||
| 911 | _aen proceso | ||
| 942 | _cTESIS | ||
| 942 | _n0 | ||
| 949 |
_aTesis _bBC _cTES _d33724002226215 _eTS1 _gDonaciØn _h51556 _i111623 _sb |
||
| 999 |
_c99965 _d99965 |
||